Asian Coastal Cities - Sudden Death - Statistics

General Stats
  • This quiz has been taken 97 times
    75 since last reset
  • The average score is 6 of 15
Answers on the Grid
Answers color-coded by a green-red scale on the quiz's grid according to % correct below.
Agra
Almaty
Amman
Ankara
Astana
Baghdad
Bandung
Beijing
Beirut
Bengaluru
Bishkek
Chennai
Colombo
Daegu
Damascus
Doha
Dubai
Hanoi
Ho Chi Minh City
Hong Kong
Isfahan
Jakarta
Jeddah
Kabul
Kandy
Karachi
Kathmandu
Lahore
Madurai
Manila
Mumbai
Muscat
New Delhi
Phnom Penh
Pyongyang
Riyadh
Sana'a
Shanghai
Singapore
Tashkent
Tehran
Tokyo
Ulaanbaatar
Vientiane
Wuhan
 
Answer Stats
Answer % Correct
Dubai
63%
Colombo
54%
Beirut
52%
Doha
52%
Singapore
50%
Tokyo
46%
Hong Kong
43%
Shanghai
37%
Manila
35%
Chennai
33%
Jakarta
26%
Jeddah
22%
Mumbai
22%
Muscat
20%
Karachi
15%
No matching quizzes found
Score Distribution
Percent of People with Each Score
Percentile by Number Answered
Your Score History
You have not taken this quiz since the last reset